[Event "PRO League Group Stage"]
[Site "chess.com INT"]
[Date "2018.02.28"]
[Round "8"]
[White "Manukian, Artak"]
[Black "Kukk, Sander"]
[Result "0-1"]
[WhiteElo "2196"]
[BlackElo "2178"]
[WhiteTeam "Armenia Eagles"]
[BlackTeam "Estonia Horses"]
[WhiteFideId "13301373"]
[BlackFideId "4502094"]
[EventDate "2018.01.18"]

1. e4 g6 2. d4 Bg7 3. Nc3 d6 4. f4 Nf6 5. Nf3 O-O 6. e5 dxe5 7. fxe5 Nd5 8. Bc4
Be6 9. Nxd5 Bxd5 10. Bxd5 Qxd5 11. Qe2 b5 12. O-O Nd7 13. a4 a6 14. axb5 axb5
15. Rxa8 Rxa8 16. Bg5 f6 17. exf6 exf6 18. Bf4 c6 19. Re1 g5 20. Be3 Re8 21. Qd3
h6 22. Bf2 Rxe1+ 23. Nxe1 f5 24. Qf3 Nf6 25. Qxd5+ Nxd5 26. Nd3 Kf7 27. Kf1 f4
28. Ke2 Ke6 29. c3 Kf5 30. h3 h5 31. Kd2 Bf6 32. b3 g4 33. hxg4+ hxg4 34. c4
bxc4 35. bxc4 Nb6 36. Kc3 Nd7 37. Kb3 g3 38. Bg1 Ke4 39. Nb4 Bxd4 40. Bxd4 Kxd4
41. Nxc6+ Ke3 42. Ne7 f3 43. Nf5+ Kf2 44. Nxg3 fxg2 45. Ne4+ Ke3 0-1

[Event "PRO League Group Stage"]
[Site "chess.com INT"]
[Date "2018.02.28"]
[Round "8"]
[White "Maurizzi, Marc Andria"]
[Black "Van Wely, Loek"]
[Result "0-1"]
[WhiteTitle "CM"]
[BlackTitle "GM"]
[WhiteElo "2018"]
[BlackElo "2656"]
[WhiteTeam "Marseille Migraines"]
[BlackTeam "Amsterdam Mosquitoes"]
[WhiteFideId "36083534"]
[BlackFideId "1000268"]
[EventDate "2018.01.18"]

1. e4 c5 2. Nc3 e6 3. Nge2 a6 4. g3 Nc6 5. Bg2 d6 6. O-O Nf6 7. d4 cxd4 8. Nxd4
Bd7 9. Be3 Be7 10. h3 O-O 11. Qe2 Rc8 12. Nxc6 Bxc6 13. Rad1 Nd7 14. f4 b5 15.
a3 Qc7 16. Rd2 Nb6 17. b3 Bb7 18. Rd3 Nd7 19. Rc1 Bf6 20. Nd1 Nc5 21. Bxc5 Qxc5+
22. Ne3 Qxa3 23. Rcd1 Be7 24. Kh2 Qc5 25. f5 Bg5 26. R1d2 Rfe8 27. fxe6 Rxe6 28.
h4 Bxe3 29. Rxe3 Rce8 30. Rd1 d5 31. Qf2 dxe4 32. Rd7 R8e7 33. Rd8+ Re8 34. Rd7
R6e7 35. Rxb7 g6 36. Rxe7 Rxe7 37. Qd2 f5 38. Rc3 Qe5 39. Rc8+ Kg7 40. Qd8 Kh6
41. Qd2+ e3 42. Qe2 f4 43. Rf8 fxg3+ 44. Kh3 a5 45. Rf3 a4 46. bxa4 bxa4 47.
Rxg3 a3 48. Qe1 a2 0-1

[Event "PRO League Group Stage"]
[Site "chess.com INT"]
[Date "2018.02.28"]
[Round "8"]
[White "Maurizzi, Marc Andria"]
[Black "Lopez, Jasel"]
[Result "0-1"]
[WhiteTitle "CM"]
[BlackTitle "FM"]
[WhiteElo "2018"]
[BlackElo "2316"]
[WhiteTeam "Marseille Migraines"]
[BlackTeam "Amsterdam Mosquitoes"]
[WhiteFideId "36083534"]
[BlackFideId "15900045"]
[EventDate "2018.01.18"]

1. e4 e6 2. d4 d5 3. exd5 exd5 4. Nf3 Nc6 5. Bb5 Bd6 6. c4 dxc4 7. d5 a6 8. Ba4
b5 9. dxc6 bxa4 10. Qxa4 Qe7+ 11. Be3 Nf6 12. O-O Be6 13. Nc3 h6 14. Rfe1 O-O
15. Rad1 Rab8 16. Qc2 Rfe8 17. Bd4 Nh5 18. Ne4 Bb4 19. Re3 Bf5 20. Nfd2 Rbd8 21.
Qxc4 Be6 22. Qe2 Nf4 23. Qf3 Nh3+ 24. gxh3 Rxd4 25. Ng3 Rxd2 0-1

[Event "PRO League Group Stage"]
[Site "chess.com INT"]
[Date "2018.02.28"]
[Round "8"]
[White "Harvey, Marcus R"]
[Black "Hjartarson, Johann"]
[Result "1/2-1/2"]
[WhiteTitle "FM"]
[BlackTitle "GM"]
[WhiteElo "2349"]
[BlackElo "2536"]
[WhiteTeam "London Lions"]
[BlackTeam "Reykjavik Puffins"]
[WhiteFideId "400092"]
[BlackFideId "2300044"]
[EventDate "2018.01.18"]

1. e4 g6 2. d4 Bg7 3. Nc3 d6 4. f4 a6 5. Nf3 b5 6. Be3 Bb7 7. a3 Nd7 8. e5 Nh6
9. Bd3 c5 10. dxc5 dxe5 11. Nxe5 Nxe5 12. fxe5 Bxg2 13. Rg1 Bc6 14. Qd2 e6 15.
O-O-O Nf5 16. Bg5 Qc7 17. Bxf5 exf5 18. Qd6 Qxd6 19. Rxd6 Rc8 20. Bf6 O-O 21. b4
Rfe8 22. Nd5 Bxd5 23. Bxg7 Kxg7 24. Rxd5 Re6 25. c4 bxc4 26. Kc2 f6 27. exf6+
Kxf6 28. Kc3 Re3+ 29. Kxc4 Rxa3 30. Rd6+ Ke5 31. Rd5+ Kf6 32. Rd6+ Ke5 33. Rd5+
Kf6 34. Rd6+ 1/2-1/2

[Event "PRO League Group Stage"]
[Site "chess.com INT"]
[Date "2018.02.28"]
[Round "8"]
[White "Harvey, Marcus R"]
[Black "Kjartansson, David"]
[Result "1/2-1/2"]
[WhiteTitle "FM"]
[BlackTitle "FM"]
[WhiteElo "2349"]
[BlackElo "2409"]
[WhiteTeam "London Lions"]
[BlackTeam "Reykjavik Puffins"]
[WhiteFideId "400092"]
[BlackFideId "2301130"]
[EventDate "2018.01.18"]

1. e4 e6 2. d4 d5 3. Nc3 Bb4 4. exd5 exd5 5. Bd3 Nc6 6. a3 Bxc3+ 7. bxc3 Nge7 8.
Qh5 Be6 9. Rb1 b6 10. Ne2 Qd7 11. Nf4 Bf5 12. Qg5 O-O 13. O-O f6 14. Qg3 Bxd3
15. cxd3 Nf5 16. Qf3 Nce7 17. g4 Nh4 18. Qg3 Nhg6 19. h4 Rae8 20. h5 Nxf4 21.
Bxf4 c6 22. Rfe1 Nc8 23. Kg2 Rxe1 24. Rxe1 Re8 25. Re3 Rxe3 26. fxe3 Qe7 27. h6
Qxa3 28. g5 Qb2+ 29. Kh3 Qe2 30. gxf6 Qh5+ 31. Kg2 Qe2+ 32. Kh3 Qh5+ 33. Kg2
Qe2+ 34. Kh3 1/2-1/2

[Event "PRO League Group Stage"]
[Site "chess.com INT"]
[Date "2018.02.28"]
[Round "8"]
[White "Grigoryan, Karen H."]
[Black "Ladva, Ottomar"]
[Result "1-0"]
[WhiteTitle "GM"]
[BlackTitle "GM"]
[WhiteElo "2581"]
[BlackElo "2522"]
[WhiteTeam "Armenia Eagles"]
[BlackTeam "Estonia Horses"]
[WhiteFideId "13301004"]
[BlackFideId "4500024"]
[EventDate "2018.01.18"]

1. e4 c5 2. Nf3 e6 3. b3 b6 4. Bb2 Bb7 5. Nc3 Nc6 6. g3 Nf6 7. Bg2 Be7 8. O-O
O-O 9. e5 Ng4 10. h3 Nh6 11. d4 Nxd4 12. Nxd4 Bxg2 13. Kxg2 cxd4 14. Qxd4 Nf5
15. Qd3 d5 16. exd6 Qxd6 17. Qxd6 Nxd6 18. Rad1 Rac8 19. Rd2 Rc6 20. Ne2 Ne4 21.
Nd4 Rcc8 22. Rd3 Rfd8 23. Rfd1 Bf6 24. f3 Bxd4 25. fxe4 Rxc2+ 26. R1d2 Rxd2+ 27.
Rxd2 e5 28. Bxd4 exd4 29. Kf3 f6 30. Ke2 Kf7 31. Kd3 Rc8 32. Rg2 Ke6 33. Kxd4
Rc1 34. Rd2 Rh1 35. h4 g5 36. hxg5 fxg5 37. Rf2 h5 38. Rf8 Rh3 39. Rh8 Kf7 40.
e5 Kg7 41. e6 Kf6 42. Rh6+ Ke7 43. Ke5 Rxg3 44. Rh7+ Ke8 45. Rxh5 a5 46. Rh7
Re3+ 47. Kd6 Rd3+ 48. Kc6 Re3 49. Kxb6 Rxe6+ 50. Kxa5 Rg6 51. Rh3 g4 52. Rg3 Kd7
53. Kb5 Kc7 54. Kc5 Rg5+ 55. Kd4 Kb6 56. Ke4 Ka5 57. Kf4 Rd5 58. Rxg4 Rd2 59. a3
Rd3 60. Rg3 Rd1 61. Ke4 Ra1 62. b4+ Ka4 63. Kd4 Rh1 64. Rd3 Rh8 65. Kc5 Rc8+ 66.
Kb6 Rb8+ 67. Kc7 Rh8 68. Rd5 Rh7+ 69. Kb6 Rh6+ 70. Kc5 Kxa3 71. b5 Ka4 72. b6
Ka5 73. b7 Rb6 74. Rd8 Rb5+ 75. Kc6 Rb6+ 76. Kc7 Rxb7+ 1-0

[Event "PRO League Group Stage"]
[Site "chess.com INT"]
[Date "2018.02.28"]
[Round "8"]
[White "Grigoryan, Karen H."]
[Black "Ehlvest, Jaan"]
[Result "1-0"]
[WhiteTitle "GM"]
[BlackTitle "GM"]
[WhiteElo "2581"]
[BlackElo "2536"]
[WhiteTeam "Armenia Eagles"]
[BlackTeam "Estonia Horses"]
[WhiteFideId "13301004"]
[BlackFideId "4500016"]
[EventDate "2018.01.18"]

1. d4 g6 2. e4 Bg7 3. Nc3 c6 4. Be3 d5 5. Qd2 dxe4 6. Nxe4 Nd7 7. O-O-O Ngf6 8.
f3 O-O 9. h4 Nxe4 10. fxe4 Nf6 11. e5 Ng4 12. h5 Qd5 13. b3 c5 14. h6 Bxe5 15.
Bc4 Qe4 16. Re1 Nxe3 17. Rxe3 Qxd4 18. Qxd4 Bxd4 19. Rxe7 Bf6 20. Rc7 b6 21. Nf3
Be6 22. Bxe6 fxe6 23. Rd1 Rad8 24. Rxa7 e5 25. Re1 Ra8 26. Rxa8 Rxa8 27. a4 Re8
28. Kd1 Kf7 29. Nd2 Ke6 30. Nc4 Rb8 31. Ke2 b5 32. axb5 Rxb5 33. Ra1 Rb8 34.
Ra6+ Kf5 35. Ra7 Rh8 36. Nd6+ Ke6 37. Ra6 Be7 38. Ne4+ Kd7 39. Nf6+ Bxf6 40.
Rxf6 c4 41. bxc4 Ke7 42. Ra6 Rd8 43. Ra7+ Kf6 44. Rxh7 Kg5 45. Re7 Kxh6 46. Rxe5
Rd4 47. c5 Kg7 48. Ke3 Rg4 49. Kd3 Kf6 50. Re2 Ra4 51. Re4 Ra5 52. c6 Rd5+ 1-0

[Event "PRO League Group Stage"]
[Site "chess.com INT"]
[Date "2018.02.28"]
[Round "8"]
[White "Margvelashvili, Giorgi"]
[Black "Aleskerov, Faik"]
[Result "1-0"]
[WhiteTitle "GM"]
[WhiteElo "2530"]
[BlackElo "2315"]
[WhiteTeam "Seattle Sluggers"]
[BlackTeam "San Jose Hackers"]
[WhiteFideId "13602926"]
[BlackFideId "13401262"]
[EventDate "2018.01.18"]

1. Nf3 d5 2. c4 c6 3. d4 Nf6 4. Nc3 e6 5. Bg5 Nbd7 6. cxd5 exd5 7. e3 Be7 8. Bd3
O-O 9. Qc2 Re8 10. O-O Ne4 11. Bf4 Ndf6 12. Ne5 Nxc3 13. bxc3 c5 14. Rab1 g6 15.
c4 Bd6 16. Bg5 Bxe5 17. dxe5 Rxe5 18. f4 Rxg5 19. fxg5 Ng4 20. Qe2 d4 21. exd4
Qxd4+ 22. Kh1 Be6 23. Be4 Re8 24. Rf4 Qe5 25. Rbf1 Bf5 26. h3 Bxe4 27. Qxg4 Bf5
28. Qf3 Qe2 29. Qxe2 Rxe2 30. R1f2 Re1+ 31. Kh2 Rc1 32. Rb2 b6 33. a4 Be6 34. a5
bxa5 35. Ra2 a6 36. Rxa5 Rc2 37. Rxc5 Kg7 38. h4 Ra2 39. Kg3 a5 40. Rc7 a4 41.
Ra7 a3 42. Rf3 Rc2 43. Raxa3 Rxc4 44. Rf4 Rc2 45. Rd3 Bf5 46. Re3 Rd2 47. Rf2
Rd4 48. Rf4 Rd2 49. Kf3 Rd1 50. Kf2 Rd2+ 51. Re2 Rd3 52. Rb4 Be6 53. Re3 Rd2+
54. Re2 Rd3 55. Rf4 Rc3 56. Re3 Rc2+ 57. Kg3 Bd5 58. Rf2 Rc4 59. Ree2 Rc3+ 60.
Kh2 Be6 61. Rf4 Rd3 62. Rb4 Rc3 63. Rb7 Rc4 64. Rxe6 Rxh4+ 65. Kg3 Rd4 66. Rf6
Rd3+ 67. Kh2 1-0

[Event "PRO League Group Stage"]
[Site "chess.com INT"]
[Date "2018.02.28"]
[Round "8"]
[White "Margvelashvili, Giorgi"]
[Black "Izoria, Zviad"]
[Result "1/2-1/2"]
[WhiteTitle "GM"]
[BlackTitle "GM"]
[WhiteElo "2530"]
[BlackElo "2599"]
[WhiteTeam "Seattle Sluggers"]
[BlackTeam "San Jose Hackers"]
[WhiteFideId "13602926"]
[BlackFideId "13601733"]
[EventDate "2018.01.18"]

1. d4 Nf6 2. c4 g6 3. Nc3 d5 4. Bg5 Bg7 5. Bxf6 Bxf6 6. cxd5 c5 7. dxc5 Nd7 8.
e3 O-O 9. Bc4 Nxc5 10. Nge2 Qb6 11. Bb3 Bg4 12. O-O Bxe2 13. Nxe2 Bxb2 14. Rb1
Bf6 15. Ng3 Qd6 16. e4 Qf4 17. Qc1 Qxc1 18. Rfxc1 Rac8 19. Kf1 Be5 20. f3 Rc7
21. Ne2 Bd6 22. g3 Rfc8 23. Bd1 Kg7 24. Nd4 a6 25. Rc2 Be5 26. Nc6 Nxe4 27. Nxe5
Rxc2 28. fxe4 Rxh2 29. a4 Rc3 30. Nf3 Ra2 31. e5 Rd3 32. d6 exd6 33. Be2 Re3 34.
exd6 Rexe2 35. d7 Red2 36. Nxd2 Rxd2 37. Rxb7 h5 38. Ke1 Rd6 39. Ke2 g5 40. Kf3
Rd4 41. Ke3 Rd1 42. Ke4 Kg6 43. Ke5 Kg7 44. Kf5 h4 45. gxh4 gxh4 46. Kg4 Rd4+
47. Kh3 Kg6 48. Ra7 f6 49. a5 Kg5 50. Rxa6 Rd3+ 51. Kh2 Rxd7 52. Ra8 Rd2+ 53.
Kh3 Rd3+ 54. Kg2 Ra3 55. a6 Kg4 56. a7 Ra2+ 57. Kg1 Kh3 58. Rf8 Ra1+ 59. Kf2
Rxa7 60. Rxf6 Ra1 61. Rf4 Rb1 62. Rc4 Ra1 63. Rb4 Ra2+ 64. Kg1 Ra1+ 65. Kf2 Ra2+
66. Kg1 Rg2+ 67. Kh1 Rg3 68. Rb1 Rf3 69. Kg1 Rg3+ 70. Kh1 Rf3 71. Kg1 Rg3+ 72.
Kh1 Rf3 1/2-1/2

[Event "PRO League Group Stage"]
[Site "chess.com INT"]
[Date "2018.02.28"]
[Round "8"]
[White "Perez, Maximiliano"]
[Black "Panjwani, Raja"]
[Result "1-0"]
[WhiteTitle "IM"]
[BlackTitle "IM"]
[WhiteElo "2399"]
[BlackElo "2444"]
[WhiteTeam "Buenos Aires Krakens"]
[BlackTeam "Montreal Chessbrahs"]
[WhiteFideId "117234"]
[BlackFideId "2604493"]
[EventDate "2018.01.18"]

1. e4 Nf6 2. e5 Nd5 3. d4 d6 4. c4 Nb6 5. exd6 cxd6 6. Nc3 g6 7. Be3 Bg7 8. Rc1
O-O 9. b3 Bf5 10. Be2 d5 11. c5 Nc8 12. Nf3 Nc6 13. O-O Bg4 14. h3 Bxf3 15. Bxf3
e6 16. Qd2 N8e7 17. Nb5 a6 18. Nd6 Qd7 19. b4 b5 20. Be2 Nc8 21. Nxc8 Rfxc8 22.
f4 a5 23. a4 bxa4 24. b5 Nb4 25. Ra1 Rab8 26. Rxa4 Rxb5 27. Bxb5 Qxb5 28. Rfa1
Nc6 29. Kh1 h5 30. Qf2 Rb8 31. Bd2 Qd3 32. Qe3 Rb1+ 33. Kh2 Qb5 34. Rxb1 Qxb1
35. Rxa5 Nxd4 36. Ra8+ Kh7 37. Ra7 Qf5 38. g4 Qc2 39. Rxf7 Nb3 40. Qc3 Qxc3 41.
Bxc3 d4 42. Bb2 Kg8 43. Rxg7+ Kxg7 44. c6 1-0

[Event "PRO League Group Stage"]
[Site "chess.com INT"]
[Date "2018.02.28"]
[Round "8"]
[White "Perez, Maximiliano"]
[Black "Hou, Yifan"]
[Result "0-1"]
[WhiteTitle "IM"]
[BlackTitle "GM"]
[WhiteElo "2399"]
[BlackElo "2680"]
[WhiteTeam "Buenos Aires Krakens"]
[BlackTeam "Montreal Chessbrahs"]
[WhiteFideId "117234"]
[BlackFideId "8602980"]
[EventDate "2018.01.18"]

1. e4 c5 2. Nf3 a6 3. c4 e6 4. Nc3 Qc7 5. Be2 Nf6 6. O-O b6 7. d4 cxd4 8. Nxd4
Bb7 9. f3 d6 10. Be3 Be7 11. Rc1 O-O 12. Qd2 Nbd7 13. Rfd1 Rac8 14. Bf1 Qb8 15.
Qf2 Rfe8 16. b4 Bd8 17. Nb3 Bc7 18. g3 Ne5 19. Nd2 d5 20. Bxb6 Bxb6 21. Qxb6
dxe4 22. fxe4 Red8 23. Qe3 Nfg4 24. Qf4 h6 25. h4 Qd6 26. Nf3 Qxb4 27. Nxe5 Qc5+
28. Kg2 Nxe5 29. Rxd8+ Rxd8 30. Rd1 Rxd1 31. Nxd1 f5 32. Nf2 fxe4 33. Kh3 Ng6
34. Qb8+ Kh7 35. Ng4 Qf5 36. Be2 Bc6 37. Qd6 h5 38. Qxc6 hxg4+ 39. Kg2 e3 40.
Qd6 Qf2+ 0-1

[Event "PRO League Group Stage"]
[Site "chess.com INT"]
[Date "2018.02.28"]
[Round "8"]
[White "Maze, Sebastien"]
[Black "Van Wely, Loek"]
[Result "1/2-1/2"]
[WhiteTitle "GM"]
[BlackTitle "GM"]
[WhiteElo "2620"]
[BlackElo "2656"]
[WhiteTeam "Marseille Migraines"]
[BlackTeam "Amsterdam Mosquitoes"]
[WhiteFideId "613762"]
[BlackFideId "1000268"]
[EventDate "2018.01.18"]

1. e4 c5 2. Nf3 e6 3. d4 cxd4 4. Nxd4 Nc6 5. Nc3 d6 6. g4 a6 7. Bg2 Nge7 8. Nde2
Ng6 9. Rg1 Be7 10. h3 b5 11. Be3 Nce5 12. b3 Nh4 13. Nd4 g5 14. Bh1 Bb7 15. Qd2
Rc8 16. Nce2 Nhg6 17. O-O-O Qc7 18. Bxg5 Nd3+ 19. Qxd3 Bxg5+ 20. Kb1 Ne5 21. Qg3
Bf6 22. g5 Bg7 23. f4 Nc6 24. Nxc6 Bxc6 25. Qd3 O-O 26. h4 b4 27. Qxd6 Qa5 28.
e5 Rfd8 29. Qxc6 Rxc6 30. Bxc6 Rxd1+ 31. Rxd1 Qb6 32. Nd4 Bf8 33. Be4 h6 34. f5
exf5 35. Nxf5 hxg5 36. hxg5 Qf2 37. Bd3 Qf4 38. Nh6+ Bxh6 39. gxh6 Qxh6 40. Rg1+
Kh8 41. Rf1 Qe3 42. Rxf7 Qe1+ 43. Kb2 Qxe5+ 44. Kb1 1/2-1/2

[Event "PRO League Group Stage"]
[Site "chess.com INT"]
[Date "2018.02.28"]
[Round "8"]
[White "Maze, Sebastien"]
[Black "Lopez, Jasel"]
[Result "1-0"]
[WhiteTitle "GM"]
[BlackTitle "FM"]
[WhiteElo "2620"]
[BlackElo "2316"]
[WhiteTeam "Marseille Migraines"]
[BlackTeam "Amsterdam Mosquitoes"]
[WhiteFideId "613762"]
[BlackFideId "15900045"]
[EventDate "2018.01.18"]

1. e4 e6 2. b3 d5 3. Bb2 dxe4 4. Nc3 Nf6 5. g4 Bd7 6. g5 Nd5 7. Nxe4 Bc6 8. Qg4
a5 9. a3 Nd7 10. Bg2 Nc5 11. Nxc5 Bxc5 12. Nf3 Bd6 13. Nd4 Bd7 14. O-O-O O-O 15.
Ne2 e5 16. Qh4 c6 17. f4 Qe7 18. Be4 g6 19. Bxd5 cxd5 20. a4 Ba3 21. fxe5 Qxe5
22. Nd4 Bxb2+ 23. Kxb2 b5 24. axb5 a4 25. Rde1 Qg7 26. c3 axb3 27. Ra1 Rab8 28.
Ra7 Rfd8 29. Rf1 Ra8 30. Rfa1 Qf8 31. Qf4 Rxa7 32. Rxa7 Be8 33. Qf6 Rb8 34. b6
Qc5 35. Ne6 1-0

[Event "PRO League Group Stage"]
[Site "chess.com INT"]
[Date "2018.02.28"]
[Round "8"]
[White "Kleinman, Michael"]
[Black "Perez Ponsa, Federico"]
[Result "1-0"]
[WhiteTitle "IM"]
[BlackTitle "GM"]
[WhiteElo "2394"]
[BlackElo "2553"]
[WhiteTeam "Montreal Chessbrahs"]
[BlackTeam "Buenos Aires Krakens"]
[WhiteFideId "2609479"]
[BlackFideId "117927"]
[EventDate "2018.01.18"]

1. e4 g6 2. d4 d6 3. Nc3 a6 4. a4 b6 5. Nf3 Bg7 6. Be3 Nd7 7. Bc4 e6 8. O-O Bb7
9. Re1 Ne7 10. Qd2 h6 11. Ba2 Nf6 12. Bf4 g5 13. Bg3 Ng6 14. e5 Nh5 15. d5 Nxg3
16. hxg3 dxe5 17. dxe6 fxe6 18. Qe2 O-O 19. Bxe6+ Kh8 20. Rad1 Qf6 21. Bd5 Bxd5
22. Nxd5 Qf7 23. Qe4 Kh7 24. Rd2 Rad8 25. Red1 Rd6 26. Ne3 Rfd8 27. Rxd6 Rxd6
28. Rxd6 cxd6 29. Nd5 b5 30. a5 Kg8 31. Ne1 Nf8 32. Nb4 Qc7 33. Nc6 Nd7 34. Ne7+
Kf7 35. Nd5 Qc6 36. Nd3 Bf8 37. N3b4 Qc8 38. Qf5+ Kg7 39. Nxa6 Qb7 40. Nac7 Nc5
41. b4 1-0

[Event "PRO League Group Stage"]
[Site "chess.com INT"]
[Date "2018.02.28"]
[Round "8"]
[White "Kleinman, Michael"]
[Black "Perez, Maximiliano"]
[Result "1-0"]
[WhiteTitle "IM"]
[BlackTitle "IM"]
[WhiteElo "2394"]
[BlackElo "2399"]
[WhiteTeam "Montreal Chessbrahs"]
[BlackTeam "Buenos Aires Krakens"]
[WhiteFideId "2609479"]
[BlackFideId "117234"]
[EventDate "2018.01.18"]

1. e4 c5 2. Nf3 d6 3. d4 cxd4 4. Qxd4 a6 5. h3 Nc6 6. Qe3 Nf6 7. c4 g6 8. Be2
Bg7 9. O-O O-O 10. Nc3 Nd7 11. Rd1 a5 12. b3 Nc5 13. Bb2 Be6 14. Rab1 a4 15.
Nxa4 Nxa4 16. Bxg7 Kxg7 17. bxa4 Rxa4 18. c5 Qc7 19. cxd6 exd6 20. Nd4 Nxd4 21.
Rxd4 Rxa2 22. Bf1 Kg8 23. Rdb4 Bc8 24. Bc4 Ra5 25. Bd5 Re8 26. Qd4 Qc5 27. Qf6
Be6 28. Rc4 Qa3 29. Bxe6 fxe6 30. Rc7 1-0

[Event "PRO League Group Stage"]
[Site "chess.com INT"]
[Date "2018.02.28"]
[Round "8"]
[White "Lenic, Luka"]
[Black "Lagarde, Maxime"]
[Result "1/2-1/2"]
[WhiteTitle "GM"]
[BlackTitle "GM"]
[WhiteElo "2662"]
[BlackElo "2586"]
[WhiteTeam "Ljubljana Turtles"]
[BlackTeam "Cannes Blockbusters"]
[WhiteFideId "14603853"]
[BlackFideId "662399"]
[EventDate "2018.01.18"]

1. e4 c5 2. Nf3 Nc6 3. Bb5 e6 4. O-O Nge7 5. d4 cxd4 6. Nxd4 Ng6 7. Be2 Be7 8.
c4 O-O 9. Nb5 d6 10. N1c3 a6 11. Nd4 Bf6 12. Be3 Nf4 13. Bxf4 Bxd4 14. Qd2 e5
15. Bg5 Bxc3 16. bxc3 f6 17. Be3 Be6 18. Rab1 Qe7 19. Bb6 Rac8 20. Rfd1 Nb8 21.
Qxd6 Qxd6 22. Rxd6 Bxc4 23. Bg4 Rc6 24. Rxc6 Nxc6 25. a4 g6 26. a5 f5 27. exf5
gxf5 28. Bh5 Rc8 29. Rd1 Bf7 30. Bxf7+ Kxf7 31. Rd7+ Ke6 32. Rxb7 Nd4 33. h4
Rxc3 34. Rxh7 f4 35. Ra7 Nb3 36. Rxa6 Kf5 37. Bd8 e4 38. Rf6+ Kg4 39. Rg6+ Kf5
40. Rg5+ Ke6 41. a6 e3 42. fxe3 fxe3 43. Rg7 Rc1+ 44. Kh2 Nd2 45. a7 Ra1 46.
Re7+ Kf5 47. Bb6 Kg4 48. Bd4 Ra2 49. Rg7+ Kxh4 50. g3+ Kh5 51. Kh3 Nf1 52. Rh7+
Kg5 53. Rg7+ Kh5 54. Rh7+ Kg5 55. Bxe3+ Nxe3 56. Rg7+ Kf6 57. Rb7 Nf5 58. Rb6+
Kg5 59. Rb3 Rxa7 60. Rf3 Ra2 61. Rb3 Rd2 62. Rc3 Kf6 63. Ra3 Ke5 64. Kg4 Nd6 65.
Ra5+ Ke6 66. Ra6 Rd3 67. Kf4 Rd1 68. Ra5 Rf1+ 69. Kg4 Nf7 70. Ra6+ Ke5 71. Ra5+
Kf6 72. Ra6+ Kg7 73. Ra5 Rf6 74. Rb5 Kg6 75. Ra5 Nh6+ 76. Kh3 Rc6 77. Kg2 Rc3
78. Ra6+ Kg5 79. Ra8 Ng4 80. Rg8+ Kf5 81. Ra8 Rc2+ 82. Kg1 Ne3 83. Rf8+ Kg4 84.
Rf2 Rc1+ 85. Kh2 Nf1+ 86. Kg2 Nxg3 87. Ra2 Ne4 88. Rb2 Kf4 89. Ra2 Rc7 90. Rb2
Rg7+ 91. Kf1 Rh7 92. Kg2 Rg7+ 93. Kf1 Rg3 94. Ra2 Rd3 95. Ke1 Ke3 96. Re2+ Kf3
97. Rh2 Rd8 98. Ra2 Nc3 99. Rd2 Re8+ 100. Kf1 Ke3 101. Rh2 Rf8+ 102. Kg2 Ne4
103. Rh3+ Ke2 104. Ra3 Rg8+ 105. Kh3 Nf2+ 106. Kh4 Nd3 107. Kh5 Ke3 108. Kh6 Rg1
109. Ra4 Nc5 110. Ra5 Ne4 111. Rf5 Rg3 112. Rf7 Kd4 113. Rg7 Rh3+ 114. Kg6 Ke5
115. Re7+ Kf4 116. Rf7+ Kg4 117. Ra7 Rb3 118. Ra6 Rb7 119. Rc6 Rd7 120. Ra6 Rd4
121. Rc6 Nf2 122. Kf6 Kf4 123. Ke6 Nd3 124. Rc8 Ke4 125. Rc2 Nf4+ 126. Ke7 Ke5
127. Rc5+ Nd5+ 128. Kd7 Ra4 129. Kc6 Ra6+ 130. Kb5 Rb6+ 131. Ka5 Rb8 132. Rc1
Kd6 133. Ka4 Ke5 134. Ka3 Kd4 135. Rc2 Nc3 136. Rb2 Nb1+ 137. Ka2 Nc3+ 138. Ka3
Ra8+ 139. Kb3 Kd3 140. Rh2 Rb8+ 141. Ka3 Nb5+ 142. Ka4 Kc4 143. Ka5 1/2-1/2

[Event "PRO League Group Stage"]
[Site "chess.com INT"]
[Date "2018.02.28"]
[Round "8"]
[White "Lenic, Luka"]
[Black "Gunina, Valentina"]
[Result "1/2-1/2"]
[WhiteTitle "GM"]
[BlackTitle "GM"]
[WhiteElo "2662"]
[BlackElo "2502"]
[WhiteTeam "Ljubljana Turtles"]
[BlackTeam "Cannes Blockbusters"]
[WhiteFideId "14603853"]
[BlackFideId "4167570"]
[EventDate "2018.01.18"]

1. d4 Nf6 2. c4 e6 3. g3 d5 4. Bg2 Bb4+ 5. Nd2 O-O 6. a3 Bxd2+ 7. Bxd2 dxc4 8.
Nf3 Bd7 9. Qc2 Bc6 10. Qxc4 Qd5 11. Qxd5 Bxd5 12. Rc1 Nc6 13. O-O Rac8 14. e3
Rfd8 15. Bc3 Ne4 16. Rfd1 Nxc3 17. Rxc3 Ne7 18. Rdc1 c6 19. Ne5 Bxg2 20. Kxg2
Nd5 21. R3c2 f6 22. Nc4 Kf7 23. b4 Rc7 24. Kf3 Nb6 25. Na5 e5 26. dxe5 fxe5 27.
Ke2 Rcd7 28. Nb3 Na4 29. g4 Rd3 30. Na5 R3d7 31. Kf3 Ke6 32. Ke4 h6 33. Nb3 Rd3
34. Nc5+ Nxc5+ 35. Rxc5 R8d5 36. Rxd5 Rxd5 37. h4 a5 38. Rc5 axb4 39. axb4 Kd6
40. Rc4 Rb5 41. Kf5 Ke7 42. Kg6 Kf8 43. Re4 c5 44. bxc5 Rxc5 45. g5 hxg5 46.
hxg5 b5 47. Rh4 Kg8 48. Rb4 Kf8 49. Rb2 e4 50. Ra2 Rc6+ 51. Kf5 Rc5+ 52. Kg6
Rc6+ 53. Kh7 Rc7 54. Rb2 Rb7 55. Rb4 Kf7 56. g6+ Kf6 57. Rxe4 b4 58. Rf4+ Ke6
59. Re4+ Kf6 60. Rf4+ Ke6 61. Re4+ Kf6 62. Rf4+ Ke6 63. Re4+ 1/2-1/2

[Event "PRO League Group Stage"]
[Site "chess.com INT"]
[Date "2018.02.28"]
[Round "8"]
[White "Gorozhanin, Mikhail"]
[Black "Urkedal, Frode"]
[Result "0-1"]
[WhiteTitle "FM"]
[BlackTitle "GM"]
[WhiteElo "2435"]
[BlackElo "2572"]
[WhiteTeam "Volga Stormbringers"]
[BlackTeam "Oslo Trolls"]
[WhiteFideId "4178262"]
[BlackFideId "1506102"]
[EventDate "2018.01.18"]

1. d4 Nf6 2. Bf4 e6 3. e3 d5 4. c4 Bd6 5. Bg3 Ne4 6. Nc3 Nxg3 7. hxg3 c6 8. Bd3
h6 9. Qg4 g6 10. Qd1 Nd7 11. f4 dxc4 12. Bxc4 b5 13. Be2 Bb7 14. Bf3 Qb6 15.
Nge2 Be7 16. Rc1 a6 17. Ne4 Rc8 18. a3 a5 19. Qd2 Kf8 20. b4 axb4 21. axb4 Kg7
22. Kf2 Ra8 23. Nc5 Nxc5 24. dxc5 Qc7 25. Nd4 Bf6 26. Nb3 Rhd8 27. Qe1 Ra2+ 28.
Kg1 Rd3 29. Na5 Raa3 30. e4 Bd4+ 31. Kh2 Bc3 32. Qe2 Bxb4 33. Nxb7 Rd2 34. Qf1
Qxb7 35. e5 Qd7 36. Kh3 Qd4 37. Bxc6 Rf2 38. Qxb5 Qxf4 39. Bf3 Qf5+ 40. Kh2 Qxf3 0-1